[Event "Team Championship Russia (Blitz, Men)"]
[Site "Sochi"]
[Date "2018.10.10"]
[Round "10.25"]
[White "Rozhko, Dmitry"]
[Black "Sychev, Klementy"]
[Result "0-1"]
[BlackElo "2638"]
[WhiteElo "2218"]
[LiveChessVersion "1.4.8"]

1. d4 {[%clk 0:02:44]} Nf6 {[%clk 0:03:03]} 2. Nf3 {[%clk 0:02:45]} g6
{[%clk 0:03:05]} 3. Bg5 {[%clk 0:02:46]} Bg7 {[%clk 0:03:06]} 4. Nbd2
{[%clk 0:02:47]} d5 {[%clk 0:03:07]} 5. e3 {[%clk 0:02:47]} O-O {[%clk 0:03:07]}
6. Be2 {[%clk 0:02:46]} Nbd7 {[%clk 0:03:08]} 7. O-O {[%clk 0:02:46]} Re8
{[%clk 0:03:09]} 8. c4 {[%clk 0:02:43]} c5 {[%clk 0:03:04]} 9. Rc1
{[%clk 0:02:39]} cxd4 {[%clk 0:02:58]} 10. exd4 {[%clk 0:02:36]} Nf8
{[%clk 0:02:49]} 11. Qb3 {[%clk 0:02:36]} Ne6 {[%clk 0:02:42]} 12. Bxf6
{[%clk 0:02:25]} Bxf6 {[%clk 0:02:16]} 13. cxd5 {[%clk 0:02:26]} Nxd4
{[%clk 0:02:17]} 14. Nxd4 {[%clk 0:02:26]} Bxd4 {[%clk 0:02:18]} 15. Bf3
{[%clk 0:02:20]} Qb6 {[%clk 0:02:12]} 16. Qxb6 {[%clk 0:02:00]} axb6
{[%clk 0:02:13]} 17. Rc2 {[%clk 0:01:29]} Rxa2 {[%clk 0:02:10]} 18. Rfc1
{[%clk 0:01:29]} Bf5 {[%clk 0:02:08]} 19. Be4 {[%clk 0:01:27]} Rxb2
{[%clk 0:01:47]} 20. Bxf5 {[%clk 0:01:22]} gxf5 {[%clk 0:01:47]} 21. Rxb2
{[%clk 0:01:21]} Bxb2 {[%clk 0:01:48]} 22. Rb1 {[%clk 0:01:22]} Bd4
{[%clk 0:01:46]} 23. Nc4 {[%clk 0:01:22]} Rc8 {[%clk 0:01:45]} 24. Ne3
{[%clk 0:01:20]} e6 {[%clk 0:01:16]} 25. dxe6 {[%clk 0:01:14]} fxe6
{[%clk 0:01:17]} 26. Rd1 {[%clk 0:01:11]} Bxe3 {[%clk 0:01:12]} 27. fxe3
{[%clk 0:01:12]} Rc3 {[%clk 0:01:00]} 28. Kf2 {[%clk 0:01:11]} b5
{[%clk 0:00:57]} 29. Rd8+ {[%clk 0:01:06]} Kg7 {[%clk 0:00:54]} 30. Rd7+
{[%clk 0:01:07]} Kg6 {[%clk 0:00:55]} 31. Rxb7 {[%clk 0:01:08]} Rc5
{[%clk 0:00:50]} 32. Kf3 {[%clk 0:01:05]} h5 {[%clk 0:00:48]} 33. h4
{[%clk 0:01:02]} Rc4 {[%clk 0:00:45]} 34. g3 {[%clk 0:01:01]} b4 {[%clk 0:00:44]}
35. Ke2 {[%clk 0:00:52]} Re4 {[%clk 0:00:44]} 36. Kf3 {[%clk 0:00:51]} Rg4
{[%clk 0:00:38]} 37. Re7 {[%clk 0:00:49]} Re4 {[%clk 0:00:39]} 38. Rb7
{[%clk 0:00:50]} Rc4 {[%clk 0:00:38]} 39. Re7 {[%clk 0:00:48]} Kf6
{[%clk 0:00:36]} 40. Rh7 {[%clk 0:00:48]} b3 {[%clk 0:00:34]} 41. Rb7
{[%clk 0:00:46]} Rc3 {[%clk 0:00:35]} 42. Kf4 {[%clk 0:00:36]} e5+
{[%clk 0:00:30]} 43. Kf3 {[%clk 0:00:37]} Ke6 {[%clk 0:00:31]} 44. Rb6+
{[%clk 0:00:32]} Kd5 {[%clk 0:00:31]} 45. Ke2 {[%clk 0:00:26]} Rc2+
{[%clk 0:00:20]} 46. Kd3 {[%clk 0:00:27]} e4# {[%clk 0:00:21]} 47. Kd4# Ke5+ 0-1

[Event "Team Championship Russia (Blitz, Men)"]
[Site "Sochi"]
[Date "2018.10.10"]
[Round "10.26"]
[White "Demidov, Mikhail"]
[Black "Nechaev, Oleg"]
[Result "1/2-1/2"]
[BlackElo "2327"]
[WhiteElo "2522"]
[LiveChessVersion "1.4.8"]

1. Nf3 {[%clk 0:03:03]} c5 {[%clk 0:03:03]} 2. g3 {[%clk 0:03:04]} g6
{[%clk 0:03:03]} 3. Bg2 {[%clk 0:03:05]} Bg7 {[%clk 0:03:05]} 4. O-O
{[%clk 0:03:05]} Nc6 {[%clk 0:03:06]} 5. e4 {[%clk 0:02:56]} e5 {[%clk 0:03:05]}
6. d3 {[%clk 0:02:44]} Nge7 {[%clk 0:03:04]} 7. Nc3 {[%clk 0:02:36]} O-O
{[%clk 0:03:02]} 8. Nh4 {[%clk 0:02:37]} d6 {[%clk 0:02:55]} 9. f4
{[%clk 0:02:38]} Nd4 {[%clk 0:02:44]} 10. Kh1 {[%clk 0:02:30]} Be6
{[%clk 0:02:39]} 11. Nd5 {[%clk 0:02:27]} Bxd5 {[%clk 0:02:25]} 12. exd5
{[%clk 0:02:28]} exf4 {[%clk 0:02:23]} 13. Bxf4 {[%clk 0:02:22]} Nef5
{[%clk 0:02:23]} 14. Nxf5 {[%clk 0:02:18]} Nxf5 {[%clk 0:02:24]} 15. c3
{[%clk 0:02:18]} Re8 {[%clk 0:02:22]} 16. Re1 {[%clk 0:02:16]} Qb6
{[%clk 0:02:09]} 17. Qb3 {[%clk 0:02:15]} Bh6 {[%clk 0:01:39]} 18. Bxh6
{[%clk 0:01:50]} Nxh6 {[%clk 0:01:38]} 19. Bh3 {[%clk 0:01:49]} Qxb3
{[%clk 0:01:30]} 20. axb3 {[%clk 0:01:50]} Rxe1+ {[%clk 0:01:29]} 21. Rxe1
{[%clk 0:01:51]} Kf8 {[%clk 0:01:30]} 22. Kg2 {[%clk 0:01:11]} Re8
{[%clk 0:01:30]} 23. Rxe8+ {[%clk 0:00:59]} Kxe8 {[%clk 0:01:31]} 24. Kf3
{[%clk 0:01:01]} Ke7 {[%clk 0:01:27]} 25. Ke3 {[%clk 0:01:02]} f5
{[%clk 0:01:14]} 26. d4 {[%clk 0:01:02]} b6 {[%clk 0:01:15]} 27. Kd3
{[%clk 0:00:58]} Kd8 {[%clk 0:00:56]} 28. Kc4 {[%clk 0:00:56]} Kc7
{[%clk 0:00:57]} 29. dxc5 {[%clk 0:00:50]} bxc5 {[%clk 0:00:51]} 30. b4
{[%clk 0:00:51]} cxb4 {[%clk 0:00:51]} 31. Kxb4 {[%clk 0:00:52]} Kb6
{[%clk 0:00:41]} 32. Kc4 {[%clk 0:00:44]} Nf7 {[%clk 0:00:42]} 33. Bf1
{[%clk 0:00:43]} Ne5+ {[%clk 0:00:41]} 34. Kd4 {[%clk 0:00:40]} Nf3+
{[%clk 0:00:38]} 35. Ke3 {[%clk 0:00:42]} Nxh2 36. Be2 h5 {[%clk 0:00:28]} 37.
Kf4 {[%clk 0:00:40]} Ng4 {[%clk 0:00:28]} 38. b4 {[%clk 0:00:36]} Nf6
{[%clk 0:00:25]} 39. c4 {[%clk 0:00:33]} Ne4 {[%clk 0:00:26]} 40. Bd3
{[%clk 0:00:32]} Nf2 {[%clk 0:00:24]} 41. Bf1 {[%clk 0:00:31]} Nd1
{[%clk 0:00:23]} 42. Kg5 {[%clk 0:00:27]} Nc3 {[%clk 0:00:14]} 43. Kf6
{[%clk 0:00:18]} Ne4+ {[%clk 0:00:15]} 44. Ke7 {[%clk 0:00:19]} g5
{[%clk 0:00:11]} 45. Bd3 {[%clk 0:00:15]} h4 {[%clk 0:00:11]} 46. gxh4
{[%clk 0:00:16]} gxh4 {[%clk 0:00:12]} 47. c5+ {[%clk 0:00:15]} Nxc5
{[%clk 0:00:10]} 48. Bxf5 {[%clk 0:00:13]} Nb7 {[%clk 0:00:08]} 49. Bd7
{[%clk 0:00:11]} a5 {[%clk 0:00:07]} 50. bxa5+ {[%clk 0:00:12]} Kxa5
{[%clk 0:00:07]} 51. Bc8 {[%clk 0:00:11]} Kb6 {[%clk 0:00:08]} 52. Kf6
{[%clk 0:00:11]} Na5 {[%clk 0:00:05]} 53. Kg5 {[%clk 0:00:11]} Kc5
{[%clk 0:00:05]} 54. Be6 {[%clk 0:00:12]} Nc4 {[%clk 0:00:06]} 55. Kxh4
{[%clk 0:00:13]} Nb6 {[%clk 0:00:07]} 56. Kg4 {[%clk 0:00:13]} Nxd5
{[%clk 0:00:08]} 57. Kf3 {[%clk 0:00:13]} Nc7 {[%clk 0:00:08]} 58. Bf7
{[%clk 0:00:14]} Kd4 {[%clk 0:00:09]} 59. Ke2 {[%clk 0:00:15]} Nb5
{[%clk 0:00:09]} 60. Kd2 {[%clk 0:00:16]} Ke5 {[%clk 0:00:11]} 61. Bc4
{[%clk 0:00:17]} Nd4 {[%clk 0:00:10]} 62. Ba2 {[%clk 0:00:18]} 1/2-1/2

[Event "Team Championship Russia (Blitz, Men)"]
[Site "Sochi"]
[Date "2018.10.10"]
[Round "10.28"]
[White "Apryshko, Gleb"]
[Black "Nuristani, Iman"]
[Result "0-1"]
[BlackElo "2295"]
[WhiteElo "2440"]
[LiveChessVersion "1.4.8"]

1. e4 {[%clk 0:03:04]} e6 {[%clk 0:03:02]} 2. Qe2 {[%clk 0:03:05]} b6
{[%clk 0:03:04]} 3. b3 {[%clk 0:03:03]} Bb7 {[%clk 0:03:03]} 4. Bb2
{[%clk 0:03:04]} Nf6 {[%clk 0:03:05]} 5. e5 {[%clk 0:03:02]} Nd5 {[%clk 0:02:51]}
6. Qg4 {[%clk 0:03:01]} d6 {[%clk 0:02:40]} 7. exd6 {[%clk 0:02:08]} cxd6
{[%clk 0:02:36]} 8. Qa4+ {[%clk 0:02:07]} Bc6 {[%clk 0:02:22]} 9. Bb5
{[%clk 0:02:06]} Qd7 {[%clk 0:02:23]} 10. Bxc6 {[%clk 0:02:02]} Qxc6
{[%clk 0:02:24]} 11. Qxc6+ {[%clk 0:02:02]} Nxc6 {[%clk 0:02:23]} 12. a3
{[%clk 0:02:02]} Rg8 {[%clk 0:02:20]} 13. Ne2 {[%clk 0:02:01]} b5 14. Nbc3 Nxc3
15. Nxc3 Nd4 16. O-O-O Be7 17. Rhe1 Kd7 18. Ne4 Nc6 19. f4 h6 20. Kb1 f5 21. Nf2
Bf6 22. d4 d5 23. Nd3 Rge8 24. Nc5+ Kd6 25. Nb7+ Kc7 26. Nc5 Kd6 27. Nb7+ Kc7 28.
Nc5 Kd6 29. a4 b4 30. Na6 Re7 31. Bc1 Bxd4 32. Nxb4 Bc5 33. Na6 Bb6 34. Ba3+ Kd7
35. Bxe7 Kxe7 36. Rxd5 Bf2 37. Re2 Nd4 38. Rxf2 exd5 39. Rd2 Ne6 40. Rxd5 Nxf4
41. Rxf5 Nxg2 42. Rf2 Nh4 43. Nb4 Kd6 44. Rd2+ Kc5 45. c3 Nf3 46. Rd5+ Kb6 47.
a5+ Kc7 48. Rc5+ Kd6 49. Rd5+ Ke6 50. Rb5 Nxh2 51. a6 g5 52. Nc6 g4 53. Nd4+ Kf6
54. Rh5 Nf3 55. Ne2 Kg6 56. Nf4+ Kg7 57. Ne6+ Kg6 58. Nf4+ Kg7 59. Kc2 Rf8 60.
Ne6+ Kg6 61. Rb5 Rf6 62. Nd8 Rxa6 63. Kd3 g3 64. Ke3 g2 65. Kd4 0-1

[Event "Team Championship Russia (Blitz, Men)"]
[Site "Sochi"]
[Date "2018.10.10"]
[Round "10.29"]
[White "Girshgorn, Leonid"]
[Black "Chigaev, Maksim"]
[Result "0-1"]
[BlackElo "2616"]
[WhiteElo "2242"]
[LiveChessVersion "1.4.8"]

1. d4 {[%clk 0:03:03]} Nf6 {[%clk 0:03:03]} 2. Bf4 {[%clk 0:03:04]} g6
{[%clk 0:03:00]} 3. Nc3 {[%clk 0:03:05]} Bg7 {[%clk 0:03:02]} 4. e4
{[%clk 0:03:05]} d6 {[%clk 0:03:03]} 5. Qd2 {[%clk 0:03:07]} O-O {[%clk 0:03:03]}
6. O-O-O {[%clk 0:03:07]} Nc6 {[%clk 0:03:00]} 7. f3 {[%clk 0:03:00]} Nd7
{[%clk 0:02:52]} 8. Nge2 {[%clk 0:02:43]} e5 {[%clk 0:02:53]} 9. dxe5
{[%clk 0:02:43]} Ncxe5 {[%clk 0:02:53]} 10. Bh6 {[%clk 0:02:27]} Nc4
{[%clk 0:02:44]} 11. Qf4 {[%clk 0:02:27]} Be5 {[%clk 0:02:33]} 12. Qg5
{[%clk 0:02:04]} Qxg5+ {[%clk 0:02:29]} 13. Bxg5 {[%clk 0:02:04]} Ndb6
{[%clk 0:02:29]} 14. Bf4 {[%clk 0:01:50]} Be6 {[%clk 0:02:15]} 15. b3
{[%clk 0:01:40]} Na5 {[%clk 0:02:09]} 16. Nb5 {[%clk 0:01:13]} Rfc8
{[%clk 0:02:04]} 17. c4 {[%clk 0:00:52]} Nc6 {[%clk 0:01:58]} 18. Be3
{[%clk 0:00:45]} a6 {[%clk 0:01:33]} 19. Nbd4 {[%clk 0:00:12]} a5
{[%clk 0:01:11]} 20. Nxe6 {[%clk 0:00:11]} fxe6 {[%clk 0:01:12]} 21. a4
{[%clk 0:00:04]} Nd7 {[%clk 0:01:08]} 22. Nd4 {[%clk 0:00:03]} Bxd4
{[%clk 0:01:08]} 23. Bxd4 {[%clk 0:00:04]} Nxd4 {[%clk 0:01:08]} 24. Rxd4
{[%clk 0:00:06]} Nc5 {[%clk 0:01:09]} 25. Kc2 {[%clk 0:00:07]} e5
{[%clk 0:01:09]} 26. Rd2 {[%clk 0:00:08]} Rf8 {[%clk 0:01:05]} 27. Be2
{[%clk 0:00:09]} Kg7 {[%clk 0:01:04]} 28. h4 {[%clk 0:00:05]} h6 {[%clk 0:01:03]}
29. g3 {[%clk 0:00:05]} Rf6 {[%clk 0:01:02]} 30. Rhd1 {[%clk 0:00:04]} Raf8
{[%clk 0:01:03]} 31. Kc3 {[%clk 0:00:04]} b6 {[%clk 0:01:02]} 32. Kc2
{[%clk 0:00:04]} Kf7 {[%clk 0:01:00]} 33. Rh1 {[%clk 0:00:03]} Ke7
{[%clk 0:01:01]} 34. Rhd1 {[%clk 0:00:04]} Rg8 {[%clk 0:01:00]} 35. Rh1
{[%clk 0:00:04]} Rf7 {[%clk 0:01:00]} 36. Kc3 {[%clk 0:00:03]} h5
{[%clk 0:00:55]} 37. Kc2 {[%clk 0:00:04]} g5 {[%clk 0:00:56]} 38. hxg5 Rxg5
{[%clk 0:00:57]} 39. Rdd1 {[%clk 0:00:03]} Rxg3 {[%clk 0:00:55]} 40. Rxh5
{[%clk 0:00:04]} Rg2 {[%clk 0:00:50]} 41. Rd2 {[%clk 0:00:06]} Ne6
{[%clk 0:00:50]} 42. Bf1 {[%clk 0:00:00]} 0-1

[Event "Team Championship Russia (Blitz, Men)"]
[Site "Sochi"]
[Date "2018.10.10"]
[Round "10.30"]
[White "Vastrukhin, Oleg"]
[Black "Tsvetkov, Andrey"]
[Result "1-0"]
[BlackElo "2215"]
[WhiteElo "2535"]
[LiveChessVersion "1.4.8"]

1. Nf3 {[%clk 0:03:03]} d5 2. g3 c6 {[%clk 0:03:05]} 3. Bg2 {[%clk 0:03:06]} Bg4
{[%clk 0:03:07]} 4. Ne5 {[%clk 0:03:07]} Bf5 {[%clk 0:03:04]} 5. d4
{[%clk 0:03:08]} Nd7 {[%clk 0:03:05]} 6. O-O {[%clk 0:03:09]} e6 {[%clk 0:03:05]}
7. c4 {[%clk 0:03:10]} Ngf6 {[%clk 0:02:58]} 8. Nc3 {[%clk 0:03:10]} Be7
{[%clk 0:02:58]} 9. Qb3 {[%clk 0:03:11]} Qb6 {[%clk 0:02:49]} 10. Nxd7
{[%clk 0:03:12]} Nxd7 {[%clk 0:02:49]} 11. e4 {[%clk 0:03:13]} dxe4
{[%clk 0:02:45]} 12. Nxe4 {[%clk 0:03:14]} O-O {[%clk 0:02:43]} 13. Be3
{[%clk 0:03:15]} Qa6 {[%clk 0:02:24]} 14. h3 {[%clk 0:03:11]} Rac8
{[%clk 0:02:13]} 15. Rfd1 {[%clk 0:03:06]} b5 {[%clk 0:02:10]} 16. c5
{[%clk 0:02:56]} Bxe4 {[%clk 0:01:06]} 17. Bxe4 {[%clk 0:02:56]} Nf6
{[%clk 0:01:08]} 18. Bf3 {[%clk 0:02:58]} Nd5 {[%clk 0:00:53]} 19. Bxd5
{[%clk 0:02:58]} exd5 {[%clk 0:00:54]} 20. a4 {[%clk 0:02:59]} b4
{[%clk 0:00:22]} 21. Qxb4 {[%clk 0:02:59]} Rb8 {[%clk 0:00:24]} 22. Qc3
{[%clk 0:03:00]} Qe2 {[%clk 0:00:24]} 23. b4 {[%clk 0:02:54]} a6 {[%clk 0:00:23]}
24. Kg2 {[%clk 0:02:51]} f5 {[%clk 0:00:24]} 25. Bf4 {[%clk 0:02:41]} Rb7
{[%clk 0:00:19]} 26. Re1 {[%clk 0:02:32]} Qh5 {[%clk 0:00:20]} 27. b5
{[%clk 0:02:31]} axb5 {[%clk 0:00:09]} 28. axb5 {[%clk 0:02:32]} Qg6
{[%clk 0:00:11]} 29. Ra6 {[%clk 0:02:29]} Rc8 {[%clk 0:00:08]} 30. Qe3
{[%clk 0:02:24]} Kf7 {[%clk 0:00:05]} 31. b6 {[%clk 0:02:16]} Qf6
{[%clk 0:00:06]} 32. Ra7 {[%clk 0:02:14]} Rxa7 {[%clk 0:00:06]} 33. bxa7
{[%clk 0:02:15]} Ra8 {[%clk 0:00:07]} 34. Bb8 {[%clk 0:02:14]} g5
{[%clk 0:00:05]} 35. Qe5 {[%clk 0:02:13]} Qxe5 {[%clk 0:00:04]} 36. Rxe5
{[%clk 0:02:14]} Kf6 {[%clk 0:00:04]} 37. g4 {[%clk 0:02:10]} fxg4
{[%clk 0:00:04]} 38. hxg4 {[%clk 0:02:11]} Kf7 {[%clk 0:00:04]} 39. f4
{[%clk 0:01:58]} gxf4 {[%clk 0:00:03]} 40. Rf5+ {[%clk 0:01:49]} Kg6
{[%clk 0:00:04]} 41. Rxf4 {[%clk 0:01:50]} Bf6 {[%clk 0:00:05]} 42. Kf3
{[%clk 0:01:45]} Bg7 {[%clk 0:00:06]} 43. Ke2 {[%clk 0:01:43]} Kg5
{[%clk 0:00:06]} 44. Ke3 {[%clk 0:01:38]} Bh6 {[%clk 0:00:03]} 45. Kf3 Kg6 46.
Rf5 {[%clk 0:01:26]} Bg7 {[%clk 0:00:06]} 47. Ke3 {[%clk 0:01:27]} Bh6+
{[%clk 0:00:05]} 48. Kd3 {[%clk 0:01:28]} Bg7 {[%clk 0:00:07]} 49. Rf1
{[%clk 0:01:26]} Kg5 {[%clk 0:00:08]} 50. Rf7 {[%clk 0:01:27]} Kg6
{[%clk 0:00:09]} 51. Rc7 {[%clk 0:01:28]} 1-0

[Event "Team Championship Russia (Blitz, Men)"]
[Site "Sochi"]
[Date "2018.10.10"]
[Round "10.31"]
[White "Mochalin, Faddey"]
[Black "Lugovskoy, Maxim"]
[Result "0-1"]
[BlackElo "2436"]
[WhiteElo "1886"]
[LiveChessVersion "1.4.8"]

1. d4 {[%clk 0:03:03]} d5 {[%clk 0:03:04]} 2. c4 e6 3. Nc3 a6 4. cxd5 exd5
{[%clk 0:03:10]} 5. Bf4 {[%clk 0:02:58]} c6 6. Qc2 {[%clk 0:02:49]} Bd6
{[%clk 0:03:11]} 7. Bxd6 {[%clk 0:02:48]} Qxd6 {[%clk 0:03:12]} 8. e3
{[%clk 0:02:48]} Nf6 {[%clk 0:03:13]} 9. Bd3 {[%clk 0:02:46]} Nbd7
{[%clk 0:03:14]} 10. Nf3 {[%clk 0:02:39]} O-O {[%clk 0:03:15]} 11. O-O
{[%clk 0:02:39]} Re8 {[%clk 0:03:16]} 12. Rab1 {[%clk 0:02:36]} Nf8
{[%clk 0:03:17]} 13. b4 {[%clk 0:02:34]} Ng6 {[%clk 0:03:18]} 14. a4
{[%clk 0:02:31]} Bg4 {[%clk 0:03:19]} 15. Be2 {[%clk 0:02:25]} Ne4
{[%clk 0:03:17]} 16. Nxe4 {[%clk 0:02:15]} dxe4 {[%clk 0:03:19]} 17. Ne1 Bf5 18.
g3 {[%clk 0:01:32]} Ne7 {[%clk 0:02:37]} 19. Ng2 {[%clk 0:01:32]} Nd5
{[%clk 0:02:38]} 20. Qd2 {[%clk 0:01:03]} Bh3 {[%clk 0:02:36]} 21. Rfc1
{[%clk 0:01:02]} Qf6 {[%clk 0:02:31]} 22. b5 {[%clk 0:00:42]} axb5
{[%clk 0:02:32]} 23. axb5 {[%clk 0:00:42]} h5 {[%clk 0:02:33]} 24. bxc6
{[%clk 0:00:38]} bxc6 {[%clk 0:02:35]} 25. Rc5 {[%clk 0:00:38]} Bxg2
{[%clk 0:02:35]} 26. Kxg2 {[%clk 0:00:39]} h4 {[%clk 0:02:36]} 27. Qc1
{[%clk 0:00:16]} Re6 {[%clk 0:02:36]} 28. Rb7 {[%clk 0:00:13]} Ra2
{[%clk 0:02:36]} 29. Rb2 {[%clk 0:00:11]} Ra8 {[%clk 0:02:27]} 30. Qe1
{[%clk 0:00:09]} Qf5 {[%clk 0:02:26]} 31. Kg1 {[%clk 0:00:09]} Rh6
{[%clk 0:02:26]} 32. g4 {[%clk 0:00:05]} Qg5 {[%clk 0:02:21]} 33. h3
{[%clk 0:00:06]} Rf6 {[%clk 0:02:22]} 34. Rbc2 {[%clk 0:00:05]} Qh6
{[%clk 0:02:22]} 35. Qc1 {[%clk 0:00:05]} Nb4 {[%clk 0:02:04]} 36. R2c4
{[%clk 0:00:06]} Ra2 {[%clk 0:02:02]} 37. Bf1 {[%clk 0:00:06]} Rfxf2
{[%clk 0:01:56]} 38. Rxb4 {[%clk 0:00:06]} Qd6 {[%clk 0:01:57]} 39. Re5
{[%clk 0:00:03]} Qxb4 {[%clk 0:01:55]} 40. Qxc6 {[%clk 0:00:04]} Rxf1+
{[%clk 0:01:54]} 41. Kxf1 {[%clk 0:00:04]} Qb1+ {[%clk 0:01:55]} 0-1

[Event "Team Championship Russia (Blitz, Men)"]
[Site "Sochi"]
[Date "2018.10.10"]
[Round "10.32"]
[White "Oganian, Miran"]
[Black "Dudin, Gleb"]
[Result "1-0"]
[BlackElo "2079"]
[WhiteElo "2466"]
[LiveChessVersion "1.4.8"]

1. d4 {[%clk 0:03:03]} Nf6 {[%clk 0:03:03]} 2. c4 {[%clk 0:03:04]} e6 3. g3 d5
{[%clk 0:03:05]} 4. Nf3 {[%clk 0:03:07]} dxc4 {[%clk 0:03:06]} 5. Qa4+
{[%clk 0:03:08]} Nbd7 {[%clk 0:03:01]} 6. Bg2 {[%clk 0:03:10]} a6
{[%clk 0:02:56]} 7. Qxc4 {[%clk 0:03:10]} b5 {[%clk 0:02:53]} 8. Qc6
{[%clk 0:03:12]} Rb8 {[%clk 0:02:51]} 9. Bf4 {[%clk 0:03:13]} Nd5
{[%clk 0:02:29]} 10. Bg5 {[%clk 0:03:14]} Be7 {[%clk 0:02:22]} 11. Bxe7
{[%clk 0:03:15]} Qxe7 {[%clk 0:02:13]} 12. Nc3 {[%clk 0:03:17]} Bb7
{[%clk 0:01:33]} 13. Nxd5 {[%clk 0:03:17]} Bxc6 {[%clk 0:01:30]} 14. Nxe7
{[%clk 0:03:17]} Kxe7 {[%clk 0:01:31]} 15. Rc1 {[%clk 0:03:10]} Be4
{[%clk 0:01:04]} 16. Nh4 {[%clk 0:02:42]} Bxg2 {[%clk 0:01:00]} 17. Nxg2
{[%clk 0:02:43]} Rhc8 {[%clk 0:00:36]} 18. Ne3 {[%clk 0:02:14]} c5
{[%clk 0:00:33]} 19. d5 {[%clk 0:02:15]} c4 {[%clk 0:00:19]} 20. f3
{[%clk 0:02:08]} Nf6 {[%clk 0:00:06]} 21. dxe6 {[%clk 0:02:07]} fxe6
{[%clk 0:00:07]} 22. Kf2 {[%clk 0:02:07]} Rd8 {[%clk 0:00:07]} 23. b3
{[%clk 0:02:04]} cxb3 {[%clk 0:00:06]} 24. axb3 {[%clk 0:02:06]} Rbc8
{[%clk 0:00:06]} 25. Ra1 {[%clk 0:02:01]} Rc6 {[%clk 0:00:06]} 26. Ra3
{[%clk 0:01:56]} Rd2 {[%clk 0:00:05]} 27. Rha1 {[%clk 0:01:53]} Rb2
{[%clk 0:00:05]} 28. Rxa6 {[%clk 0:01:48]} Rxa6 {[%clk 0:00:06]} 29. Rxa6
{[%clk 0:01:49]} Rxb3 {[%clk 0:00:07]} 30. Ra7+ {[%clk 0:01:50]} Kf8
{[%clk 0:00:07]} 31. Nc2 {[%clk 0:01:50]} e5 {[%clk 0:00:04]} 32. Rb7
{[%clk 0:01:42]} e4 {[%clk 0:00:00]} 1-0

[Event "Team Championship Russia (Blitz, Men)"]
[Site "Sochi"]
[Date "2018.10.10"]
[Round "10.33"]
[White "Oparin, Grigoriy"]
[Black "Shkurkin, Andrey"]
[Result "1-0"]
[BlackElo "2218"]
[WhiteElo "2550"]
[LiveChessVersion "1.4.8"]

1. Nf3 {[%clk 0:03:02]} c5 {[%clk 0:03:03]} 2. c4 {[%clk 0:03:03]} Nc6
{[%clk 0:02:55]} 3. d4 {[%clk 0:03:04]} cxd4 {[%clk 0:02:55]} 4. Nxd4
{[%clk 0:03:04]} g6 {[%clk 0:02:56]} 5. e4 {[%clk 0:03:00]} Bg7 {[%clk 0:02:56]}
6. Nc2 {[%clk 0:03:01]} d6 {[%clk 0:02:52]} 7. Be2 {[%clk 0:03:01]} Be6
{[%clk 0:02:51]} 8. O-O {[%clk 0:02:54]} Rc8 {[%clk 0:02:51]} 9. Ne3
{[%clk 0:02:42]} Ne5 {[%clk 0:02:26]} 10. Nd2 {[%clk 0:02:15]} Nf6
{[%clk 0:02:00]} 11. Rb1 {[%clk 0:02:16]} O-O {[%clk 0:01:52]} 12. b3
{[%clk 0:02:16]} Qa5 {[%clk 0:01:15]} 13. a3 {[%clk 0:02:12]} a6 {[%clk 0:00:56]}
14. a4 {[%clk 0:02:12]} Nc6 {[%clk 0:00:47]} 15. Bb2 {[%clk 0:02:13]} Nd7
{[%clk 0:00:39]} 16. Ba3 {[%clk 0:02:05]} Nb4 {[%clk 0:00:34]} 17. Kh1
{[%clk 0:01:46]} Qb6 {[%clk 0:00:35]} 18. Nf3 {[%clk 0:01:33]} a5
{[%clk 0:00:34]} 19. Nc2 {[%clk 0:01:00]} Nc5 {[%clk 0:00:33]} 20. Nd2
{[%clk 0:00:51]} f5 {[%clk 0:00:18]} 21. Bxb4 {[%clk 0:00:41]} axb4
{[%clk 0:00:18]} 22. Bf3 {[%clk 0:00:42]} f4 {[%clk 0:00:13]} 23. Bg4
{[%clk 0:00:37]} Qc6 {[%clk 0:00:09]} 24. Bxe6+ {[%clk 0:00:35]} Nxe6
{[%clk 0:00:11]} 25. Nxb4 {[%clk 0:00:33]} Qd7 {[%clk 0:00:09]} 26. Nd5
{[%clk 0:00:34]} Rc5 {[%clk 0:00:06]} 27. Nf3 {[%clk 0:00:34]} Nc7
{[%clk 0:00:06]} 28. Re1 {[%clk 0:00:33]} Nxd5 {[%clk 0:00:06]} 29. exd5
{[%clk 0:00:34]} Rcc8 {[%clk 0:00:06]} 30. Qd3 {[%clk 0:00:32]} Rf6
{[%clk 0:00:05]} 31. Ng5 {[%clk 0:00:31]} Rcf8 {[%clk 0:00:04]} 32. Ne6
{[%clk 0:00:32]} R8f7 {[%clk 0:00:06]} 33. f3 {[%clk 0:00:33]} h6
{[%clk 0:00:05]} 34. Re4 {[%clk 0:00:30]} g5 {[%clk 0:00:06]} 35. Rf1
{[%clk 0:00:27]} b6 {[%clk 0:00:00]} 1-0